000 00678nam a2200217Ia 4500
003 OSt
005 20251203140714.0
008 220923b |||||||| |||| 00| 0 eng d
020 _a9781851775095
037 _cGeneral Book
040 _aRTL
_cRTL
_beng
041 _2eng
_aeng
084 _aY:3(Q2:45), P7
100 _aGuy John
_929509
245 0 _aIndian temple sculpture
260 _aChennai
_bWestland Books
_c2007
300 _a192 p. : ill.
_bIncludes bibliographical references and index.
650 _aSociology
_9854165
942 _hY:3(Q2:45), P7
_cGB
_2CC
_n0
999 _c499756
_d499756